| 000 | 00541nam a2200181Ia 4500 | ||
|---|---|---|---|
| 999 |
_c6903 _d6903 |
||
| 003 | OSt | ||
| 005 | 20200130100305.0 | ||
| 008 | 190216s9999||||xx |||||||||||||| ||und|| | ||
| 020 | _a8183181996 | ||
| 040 | _coclc | ||
| 082 |
_a368.0060954 _bGUP/I |
||
| 100 | 1 |
_aGupta, P. K., _9133 _cPh. D., D. Litt. |
|
| 245 | 0 |
_aInsurance And Risk Management / _cP K Gupta |
|
| 250 | _a1st ed. | ||
| 260 |
_bHimalaya Publishing House, _aMumbai: _c2004. |
||
| 300 | _a543p | ||
| 942 |
_cBK _2ddc _h368.0060954 _iGUP/I _k368.0060954 _mGUP/I |
||